[Event "Saarlouis op 3rd"]
[Site "Saarlouis"]
[Date "2000.05.29"]
[Round "4"]
[White "Brunner, Michael"]
[Black "Schampel, Arno"]
[Result "0-1"]
[WhiteElo "1588"]
[BlackElo "1806"]
[PlyCount "96"]
[EventDate "2000.05.27"]
[EventType "swiss"]
[EventRounds "9"]
[EventCountry "GER"]
[SourceTitle "EXT 2006"]
[Source "ChessBase"]
[SourceDate "2005.11.24"]
[SourceVersion "1"]
[SourceVersionDate "2005.11.24"]
[SourceQuality "1"]

1. d4 Nf6 2. Bg5 e6 3. e3 Be7 4. Nd2 d5 5. Ngf3 h6 6. Bf4 Nbd7 7. Bd3 c5 8. c3 c4 9. Bc2 b5 10. e4 Nh5 11. Be3 Nhf6 12. h3 Bb7 13. Qb1 dxe4 14. Nxe4 Nd5 15. Ned2 Nxe3 16. fxe3 Bh4+ 17. Ke2 Be7 18. Be4 Qc7 19. Bxb7 Qxb7 20. Qe4 Qc8 21. Rhf1 Nf6 22. Qc2 Nh5 23. Rf2 Ng3+ 24. Ke1 Qb7 25. a4 a6 26. axb5 axb5 27. Rxa8+ Qxa8 28. Ne5 0-0 29. Rf3 Nf5 30. Qe4 Bh4+ 31. Kd1 Qa1+ 32. Qb1 Qa8 33. Qe4 Qa4+ 34. Qc2 Qa6 35. g4 Nd6 36. Rf1 Qa8 37. Nd7 Rd8 38. Nc5 Qg2 39. Nce4 Qxh3 40. Nxd6 Rxd6 41. Qe4 Ra6 42. Kc2 Bg5 43. Qb7 Qxe3 44. Nxc4 Qe2+ 45. Nd2 Qxd2+ 46. Kb3 Qd3 47. Rxf7 Qd1+ 48. Kb4 Qa4+ 0-1